| 000 | 00566nam a2200193Ia 4500 | ||
|---|---|---|---|
| 003 | GCL | ||
| 008 | 140319s9999 xx 000 0 eng d | ||
| 040 |
_aGCL / _cGCL |
||
| 082 | 0 | 4 |
_a372.3 _bT U |
| 100 | 1 | _aTICKLE, LES | |
| 245 | 1 | 0 |
_aUNDERSTANDING DESIGN AND TECHNOLOGY IN PRIMARAY SCHOOLS: CASES FROM TEACHERS' RESEARCH / _cTICKLE, LES |
| 260 |
_a[S.N] : _bROUTLEDGE ، _c1996 |
||
| 300 | _a217 P | ||
| 650 | 0 | 4 | _aEDUCATION - PRIMARY - CHILDREN |
| 650 | 0 | 4 | _aEDUCATION - SCIENCE |
| 650 | 0 | 4 | _aEDUCATION - TECHNOLOGY |
| 650 | 0 | 4 | _aEDUCATION |
| 942 |
_2ddc _cBK |
||
| 999 |
_c13152 _d13152 |
||